00434 2200157 4500001002100000005001500021035002000036245009400056100001600150300002600166260003200192082000800224084001400232020001800246990001200264INLIS00000000000309820251001092204 a0010-10250000021 aDistilasi Alkena :bDenganmu, Jatuh Cinta Adalah Patah Hati Paling Sengaja /cWira Negara0 aWira Negara a158 hlm ;c13 x 19 cm aJakarta :bMediakita,c2016 a813 a813 WIR d a979-794-513-8 a0755528